Statistics for Wonky Word Clicking - J

Click here to take the quiz!

General Stats

  • This quiz has been taken 163 times
    (150 since last reset)
  • The average score is 10 of 15

Answer Stats

HintAnswer% Correct
Jibber-jabber
98%
Juxtaposition
91%
Jamboree
85%
Jiggery-pokery
81%
Jabberwocky
81%
Jetsam
76%
Jambalaya
73%
Jubilee
72%
Jingoism
70%
Jujubes
61%
Jackanape
46%
Jigamaree
46%
Jimberjawed
45%
Jiggumbob
34%
Jobbernowl
22%

Score Distribution

Percentile by Number Answered

Percent of People with Each Score

Your Score History

You have not taken this quiz since the last reset